Rusia en el Caribe

שמור ב:
מידע ביבליוגרפי
מחבר ראשי: Theberge, James D (Author)
פורמט: ספר
שפה:ספרדית
יצא לאור: Buenos Aires Francisco de Aguirre 1975
סדרה:Biblioteca de Ciencias Políticas, 11
נושאים:
תגים: הוספת תג
אין תגיות, היה/י הראשונ/ה לתייג את הרשומה!

MARC

LEADER 00000nam a2200000 a 4500
001 UCP7243
003 CL-VaPUC
008 991203e19750000AG |||||||||||||||||spa|d
082 0 4 |a 327.47  |b THE  |2 21 
100 0 |a Theberge, James D  |e author  |9 436750 
245 1 0 |a Rusia en el Caribe 
300 |a 273 p 
942 |c BK 
945 |d 19991203 00:00:00  |a crobeson 
260 |a Buenos Aires  |b Francisco de Aguirre  |c 1975 
650 0 |a Relaciones Internacionales  |9 255740 
650 0 |a Política exterior   |9 316628 
650 7 |a POLITICA MILITAR  |2 CL-VaPUC  |9 315348 
650 7 |a RELACIONES COMERCIALES  |2 CL-VaPUC  |9 322074 
650 0 |a Guerra Fría   |9 319648 
651 0 |a Unión Soviética  |9 256769 
651 7 |a ISLAS CARIBES  |2 CL-VaPUC  |9 255533 
583 |a last modification  |c 19991203 00:00:00  |k Rodrigo Vera 
490 0 |a Biblioteca de Ciencias Políticas, 11 
999 |c 284552  |d 284550 
952 |0 0  |1 0  |4 0  |6 327_470000000000000_THE_1975  |7 0  |8 A  |9 328643  |a BIBHIS  |b BIBHIS  |d 2019-11-20  |i 1372068  |o 327.47 THE 1975  |p 1372068  |r 2025-01-20  |w 2019-11-20  |y BK  |k HIS 
952 |0 0  |1 0  |4 0  |6 327_470000000000000_THE_1975  |7 0  |8 A  |9 328644  |a BIBHIS  |b BIBHIS  |d 2019-11-20  |i 1372076  |o 327.47 THE 1975  |p 1372076  |r 2025-01-20  |w 2019-11-20  |y BK  |k HIS